Normal view
MARC view
- Electric cables
Entry Topical Term
001 - CONTROL NUMBER
- control field: 26513
003 - CONTROL NUMBER IDENTIFIER
- control field: IN-BhIIT
005 - DATE AND TIME OF LATEST TRANSACTION
- control field: 20251009125002.0
008 - FIXED-LENGTH DATA ELEMENTS
- fixed length control field: 251009|| aca||aabn | a|a d
040 ## - CATALOGING SOURCE
- Original cataloging agency: IN-BhIIT
- Transcribing agency: IN-BhIIT
150 ## - HEADING--TOPICAL TERM
- Topical term or geographic name entry element: Electric cables
670 ## - SOURCE DATA FOUND
- Source citation: Work cat.: (IN-BhIIT)15147: Unnikrishnan, A. R. Author 26512, Electric cables and overhead electrical conductors /, 2024.